000 009160000a22001930004500
041 0 _aSPA
082 0 4 _aG 282.09 L792h
100 1 _aLlorca, S. I.
245 1 0 _aHistoria de la Iglesia Católica en sus cuatro grandes edades : Antigua, Media, Nueva, Moderna / LLorca, García Villoslada, F. J. Montalban
250 _a3
260 _aMadrid, España : Biblioteca de Autores Cristianos
440 0 _aBiblioteca de Autores Cristianos
505 0 0 _aTomo I : Edad Antigua. La iglesia en el mundo gracorromano. Tomo II : Edad Media 8800-1303) La cristiandad en el mundo europeo y feudad. Tomo III : Edad Nueva. La iglesia en la época del Renacimiento y de la Reforma católica. Tomo IV : Edad Moderna (1648-1963) La iglesia en su lucha y relación con el laicismo
001 9274
942 _cBK
999 _c39331
_d39331
336 _atexto
_btxt
_2rdacontent
337 _2rdamedia
_asin mediación
_bn
338 _2rdacarrier
_avolumen
_bnc